00763 2200205 4500001002100000005001500021035002000036008004100056245003400097100001800131250000600149260003800155300001200193084001400205082000800219650001000227520029600237990001200533990001200545INLIS00000000000132320240520111455 a0010-0524000558240520 1 ind 1 aSweet Destiny /cAzumi Aozora aAozora, Azumi a1 aYogyakarta :bSheila/ Andi,c2016 a282 hlm a813 AZU s a813 4aFiksi aMia Areta Takizawa tidak pernah menyangka akan bertemu lagi dengan Renaldi Lee, mantan-nya yang dulu meninggalkannya demi perempuan lain. Tapi anehnya, setelah 2 tahun lebih tidak bertemu, kali ini Renaldi Lee datang sebagai sosok lain, Radian Kaulitz, anak sulung presiden direktur Kaulitz. a0741488 a0741489